000 02212nam0a2200385 4500
001 RU\NLR\BIBL_A\016275012
005 20230221170833.0
010 _a978-5-9268-3903-3
_93000
021 _aRU
_bКН-П-22-091853
_9КН-П-22-8183
035 _a(NLR Aleph) 016275012
035 _a(RuMoRGB)011493389
090 _a12898473
_c12898473
100 _a20230202d2022 k y0rusy50 ca
101 1 _arus
_cund
102 _aRU
105 _aa|||z||||||a|
181 0 _ab3
_bxb2e
181 1 _ai1
_baxxe
182 1 _an
200 1 _aРобин Гуд
_e[перевод]
_fМаури Куннас, Тарья Куннас
203 _aИзображение
_aТекст
_bвизуальные
_cнепосредственные
210 _aСанкт-Петербург
_aМосква
_cРечь
_d2022
215 _a[3], 36, [7] с.
_cцв. ил.
_d30
300 _aНа пер. и корешке авт.: М. Куннас
330 _aКто не слыхал про легендарного Робин Гуда - отважного и благородного разбойника из Шервудского леса, заступника бедных? Вот он собственной персоной! Сражаясь вместе с друзьями, лесными братьями, против несправедливости, наш великий герой ловко управляется и с мечом, и с луком. Ну а если пришла пора хорошенько подурачить жадного ноттингемского шерифа, у находчивого Робина в запасе всегда найдется парочка хитрых выдумок!
333 _a6+
686 0 _aШ9(4Фн)60-4
700 1 _aКуннас
_bМ.
_f1950-
_gМаури
_955742
_3RU\NLR\AUTH\7772814
701 1 _7ca
_8rus
_aКуннас
_bТ.
_f1957-
_gТарья
_9225705
_3RU\NLR\AUTH\770225761
942 _cBOOK
980 _aNB